The effects of environmental dynamism and dynamic capabilities on competitive advantage / (رقم التسجيلة. 178710)

تفاصيل مارك
000 -LEADER
fixed length control field 04682namaa22004211i 4500
003 - CONTROL NUMBER IDENTIFIER
control field EG-GICUC
005 - أخر تعامل مع التسجيلة
control field 20260310103636.0
008 - FIXED-LENGTH DATA ELEMENTS--GENERAL INFORMATION
fixed length control field 260224s2025 ua a|||frm||| 000 0 eng d
040 ## - CATALOGING SOURCE
Original cataloguing agency EG-GICUC
Language of cataloging eng
Transcribing agency EG-GICUC
Modifying agency EG-GICUC
Description conventions rda
041 0# - LANGUAGE CODE
Language code of text/sound track or separate title eng
Language code of summary or abstract eng
-- ara
049 ## - Acquisition Source
Acquisition Source Deposit
082 04 - DEWEY DECIMAL CLASSIFICATION NUMBER
Classification number 658.4008
092 ## - LOCALLY ASSIGNED DEWEY CALL NUMBER (OCLC)
Classification number 658.4008
Edition number 21
097 ## - Degree
Degree Ph.D
099 ## - LOCAL FREE-TEXT CALL NUMBER (OCLC)
Local Call Number Cai01.05.01.Ph.D.2025.Wa.E
100 0# - MAIN ENTRY--PERSONAL NAME
Authority record control number or standard number Waleed Hassan Mohamed,
Preparation preparation.
245 14 - TITLE STATEMENT
Title The effects of environmental dynamism and dynamic capabilities on competitive advantage /
Statement of responsibility, etc. by Waleed Hassan Mohamed ; Supervision Prof. Abd Elazez Hashem.
246 15 - VARYING FORM OF TITLE
Title proper/short title أثر التغيرات البيئية والقدرات الديناميكية على الميزة التنافسية
264 #0 - PRODUCTION, PUBLICATION, DISTRIBUTION, MANUFACTURE, AND COPYRIGHT NOTICE
Date of production, publication, distribution, manufacture, or copyright notice 2025.
300 ## - PHYSICAL DESCRIPTION
Extent 130 Leaves :
Other physical details illustrations ;
Dimensions 30 cm. +
Accompanying material CD.
336 ## - CONTENT TYPE
Content type term text
Source rda content
337 ## - MEDIA TYPE
Media type term Unmediated
Source rdamedia
338 ## - CARRIER TYPE
Carrier type term volume
Source rdacarrier
502 ## - DISSERTATION NOTE
Dissertation note Thesis (Ph.D)-Cairo University, 2025.
504 ## - BIBLIOGRAPHY, ETC. NOTE
Bibliography, etc. note Bibliography: pages 100-116.
520 #3 - SUMMARY, ETC.
Summary, etc. In the field of Strategic Management, The majority of scholars think that Dynamic <br/>Capabilities are critical to attaining a competitive advantage. However, there are still <br/>variations over the meaning and impact of Dynamic Capabilities, as well as the role of <br/>Environmental Dynamism. <br/>This study examined Wang and Ahmed's (2007) three basic component elements of <br/>Dynamic Capabilities, "adaptive capability, absorptive capability, and innovative <br/>capability" as dimensions of Dynamic Capabilities. <br/>The study aimed to gain a better understanding of the nature of the relationship between <br/>Dynamic Capabilities and Competitive Advantage. It also aimed to study the role of <br/>Environmental Dynamism in the relationship between Dynamic Capabilities and <br/>Competitive Advantage in Information and Communications organizations listed to the <br/>Egyptian Stock Exchange. The findings demonstrated a positive relationship between <br/>Dynamic Capabilities and Competitive Advantage, which is consistent with the body of <br/>literature in this topic. The findings also demonstrated that Environmental Dynamism is a <br/>key driver in the relationship between Dynamic Capabilities and Competitive Advantage <br/>in the organizations under study.
520 #3 - SUMMARY, ETC.
Summary, etc. يعتقد أغلب الباحثين أن القدرات الديناميكية تشكل أهمية بالغة في اكتساب الميزة التنافسية في الإدارة الاستراتيجية. إلا أن هناك خلافات مستمرة حول تعريف وتأثير القدرات الديناميكية، وكذلك أهمية التغيرات البيئية.<br/>وقد اعتمدت هذه الدراسة على العوامل الرئيسية الثلاثة المكونة للقدرات الديناميكية التي حددها Wang and Ahmed, (2007)، وهي "القدرات التكيفية، والقدرات الاستيعابية، والقدرات الإبداعية" كأبعاد للقدرات الديناميكية.<br/>وهدفت الدراسة إلى زيادة فهم طبيعة العلاقة بين القدرات الديناميكية والميزة التنافسية. كما هدفت إلى التحقق من دور التغيرات البيئية في العلاقة بين القدرات الديناميكية والميزة التنافسية في المنظمات العاملة في مجال الاتصالات وتكنولوجيا المعلومات المدرجة في سوق الأوراق المالية المصرية.<br/> وقد كشفت النتائج عن وجود علاقة إيجابية بين القدرات الديناميكية والميزة التنافسية، وهذا يتفق مع التيار السائد للأدبيات في هذا المجال. كما كشفت النتائج أن التغيرات البيئية تلعب كمتغير مستقل آخر في العلاقة بين القدرات الديناميكية والميزة التنافسية في المنظمات قيد الدراسة
530 ## - ADDITIONAL PHYSICAL FORM AVAILABLE NOTE
Issues CD Issues also as CD.
546 ## - LANGUAGE NOTE
Text Language Text in English and abstract in Arabic & English.
650 #0 - SUBJECT ADDED ENTRY--TOPICAL TERM
Topical term or geographic name entry element Business Administration
650 #0 - SUBJECT ADDED ENTRY--TOPICAL TERM
Topical term or geographic name entry element إدارة الأعمال
653 #1 - INDEX TERM--UNCONTROLLED
Uncontrolled term Environmental Dynamism
-- Dynamic Capabilities
-- Competitive Advantage
700 0# - ADDED ENTRY--PERSONAL NAME
Personal name Abd Elazez Hashem
Relator term thesis advisor.
900 ## - Thesis Information
Grant date 01-01-2025
Supervisory body Abd Elazez Hashem
Discussion body Ashraf Hassan Abd-ElWahab
-- Rasha Hammad Farrag
Universities Cairo University
Faculties Faculty of Commerce
Department Department of Business Administration
905 ## - Cataloger and Reviser Names
Cataloger Name Shimaa
Reviser Names Eman Ghareb
942 ## - ADDED ENTRY ELEMENTS (KOHA)
Source of classification or shelving scheme Dewey Decimal Classification
Koha item type Thesis
Edition 21
Suppress in OPAC No
المقتنيات
Source of classification or shelving scheme Home library Current library Date acquired Inventory number Full call number Barcode Date last seen Effective from Koha item type
Dewey Decimal Classification المكتبة المركزبة الجديدة - جامعة القاهرة قاعة الرسائل الجامعية - الدور الاول 24.02.2026 93450 Cai01.05.01.M.Sc.2025.Wa.E 01010110093450000 24.02.2026 24.02.2026 Thesis
Cairo University Libraries Portal Implemented & Customized by: Eng. M. Mohamady Contacts: new-lib@cl.cu.edu.eg | cnul@cl.cu.edu.eg
CUCL logo CNUL logo
© All rights reserved — Cairo University Libraries
CUCL logo
Implemented & Customized by: Eng. M. Mohamady Contact: new-lib@cl.cu.edu.eg © All rights reserved — New Central Library
CNUL logo
Implemented & Customized by: Eng. M. Mohamady Contact: cnul@cl.cu.edu.eg © All rights reserved — Cairo National University Library